000
00420nam a2200145Ia 4500
008
090124s9999 xx 000 0 und d
082
_b
304551
245
_a
आठवणींचा मोहर
250
_a
1
260
_b
गवांदे राजाभाऊ
_c
2000
300
_a
258
630
_a
आठवणींचा मोहर
730
_a
आठवणींचा मोहर
942
_c
BOOK
999
_c
194480
_d
194480